Accounting simplified: (Record no. 181564)

MARC details
000 -LEADER
fixed length control field 00592nam a22001937a 4500
005 - DATE AND TIME OF LATEST TRANSACTION
control field 20210923150914.0
010 ## - LCCN (DPL NO)
LC control number ENG-129956
020 ## - INTERNATIONAL STANDARD BOOK NUMBER
International Standard Book Number 9789353887469
Terms of availability 450.00
035 ## - SYSTEM CONTROL NUMBER
System control number EN-113488
037 ## - SOURCE OF ACQUISITION
Source of stock number/acquisition DBAD/PUB
082 ## - DEWEY DECIMAL CLASSIFICATION NUMBER
Classification number 657
100 ## - MAIN ENTRY--PERSONAL NAME
Personal name Shette,Rachappa
245 ## - TITLE STATEMENT
Title Accounting simplified:
Statement of responsibility, etc by Rachappa Shette
260 ## - PUBLICATION, DISTRIBUTION, ETC. (IMPRINT)
Name of publisher, distributor, etc Sage
Place of publication, distribution, etc India
Date of publication, distribution, etc 2021
270 ## - ADDRESS
City New Delhi
Postal code 110044
Address B1/1-1,Mohan Cooperative industrial Area Mathura road Post Bag 7
300 ## - PHYSICAL DESCRIPTION
Extent xvii,205p.
Dimensions 25cm(pbk)
500 ## - GENERAL NOTE
General note series editor Debashis Chatterjee
942 ## - ADDED ENTRY ELEMENTS (KOHA)
Source of classification or shelving scheme Dewey Decimal Classification
Item type English Books
Classification part 657
Call number suffix SHE
Holdings
Withdrawn status Lost status Not for loan Collection code Home library Current library Date acquired Source of acquisition Cost, normal purchase price Full call number Barcode Copy number Cost, replacement price Koha item type
      Non-fiction Shahdara Branch Shahdara Branch 23/09/2021 DBAD/PUB 450.00 657 SHE EN-113488 1 450.00 English Books

© Delhi Public Library
Hit Counter
free hit counter